000 00413nam a2200133Ia 4500
008 220214s9999 xx 000 0 und d
100 _aFrancis PA
245 4 _aThe Aberrant behaviour of the Indian monsoon in June 2009
260 _bCurrent Science
_c10-Nov
300 _a1291-1295
520 _aArticles bound received from Dr. James Jacob, Director(R), March 2010
700 _aGadgil Sulochana
942 _cRE
999 _c45406
_d45406